0804-鹿島臨海鉄道の駅 - Statistics

General Stats
  • This quiz has been taken 115 times
  • The average score is 10 of 15
Answer Stats
本線 % Correct
水戸
96%
鹿島サッカースタジアム
96%
大洗
90%
新鉾田
84%
長者ヶ浜潮騒はまなす公園前
77%
東水戸
74%
常澄
64%
北浦湖畔
64%
涸沼
59%
鹿島大野
58%
鹿島旭
57%
大洋
56%
鹿島灘
56%
荒野台
54%
徳宿
49%
No matching quizzes found
Score Distribution
Percent of People with Each Score
Percentile by Number Answered
Your Score History
You have not taken this quiz